00734nam a2200217 a 450000100100000000500170001000800410002702000150006804000250008308200210010810000300012924500820015926000390024130000080028049000410028850400270032960000540035665100410041070000260045183000390047700002520820240302073950.0110211s2000 dr a 000 0 spa d a9993483443 aDO-SdBNPbspacBNPHU a922.27293bS211C1 aCassá, Roberto, d1948-10aAntonio Sánchez Valverde /cRoberto Cassá ; ilustraciones Ramiro Manzano. aSanto Domingo :bTobogán,c2000. bil.1 aBiografías dominicanas Tobogán ; aBibliografía : p. 4714aSÁNCHEZ VALVERDE, ANTONIOcSACERDOTEd1729-1790 4aRepública DominicanaxBiografías12aManzano, Ramiro,eil. 0aBiografías dominicanas Tobogán